00996nam a2200277 a 450000100060000000300080000600500170001400800410003102000150007203500190008704000420010604100080014808200220015610000290017824500320020725000110023926000550025030000340030549000380033950400410037765000210041894200120043999900170045195201260046895201240059472883BD-RjUL20211209082323.0170524s1974 maua b 001 0 eng  a0201037092 a(BD-RjUL)73101 aDLCcIANdOCLdIXAdEQOdBD-RjULbeng aeng 223a570bKIB 19741 aKimball, John W.921558010aBiology /cJohn W. Kimball. a3d ed. aReading, Mass. :bAddison-Wesley Pub. Co.,cc1974. axii, 898 p. :bill. ;c25 cm.0 aAddison-Wesley series in biology. aIncludes bibliographical references. 0aBiology.9215581 2ddccBK c72883d72883 00102ddc40718NFICaRUCLbRUCLcReadingd1990-11-11eCanadal0o570 KIB 1974r2017-05-24 00:00:00tC-1w2017-05-24yBK 00102ddc40708NFICaRUCLbRUCLcStackd1990-11-11eCanadal0o570 KIB 1974r2018-12-08 00:00:00tC-2w2018-12-08yBK